[Event "Atlantico Region-ch U18"]
[Site "Baranoa"]
[Date "2017.02.12"]
[Round "5.1"]
[White "Archbold Tilano, Ralph Alfred"]
[Black "Anillo Castro, Alfonso"]
[Result "0-1"]
[WhiteElo "1635"]
[BlackElo "1898"]
[PlyCount "54"]
[EventDate "2017.02.11"]
[EventType "swiss"]
[EventRounds "5"]
[EventCountry "COL"]
[SourceTitle "EXT 2024"]
[Source "ChessBase"]
[SourceDate "2023.10.10"]
[SourceVersion "1"]
[SourceVersionDate "2023.10.10"]
[SourceQuality "1"]

1. e4 e5 2. Nf3 Nc6 3. Bb5 a6 4. Ba4 Nf6 5. d3 b5 6. Bb3 Be7 7. Bg5 0-0 8. 0-0 d5 9. Bxf6 Bxf6 10. Bxd5 Qd6 11. Nbd2 Bg4 12. h3 Bd7 13. c4 Rad8 14. Rc1 Nb4 15. Qb3 c6 16. Bxf7+ Rxf7 17. c5 Qe7 18. Qxb4 Be6 19. Qa3 Bc8 20. Rcd1 Rdf8 21. Kh2 Bg5 22. Nxg5 Qxg5 23. f3 Qf4+ 24. g3 Qh6 25. h4 g5 26. g4 Qxh4+ 27. Kg2 Bxg4 0-1